000 01029cab a2200265 4500
001 ABS48927
008 090401t1993 xxu||||| |||| 00| 0 eng d
035 _a(Sirsi) u69159
041 _aeng
100 _aSieracki, K.
245 _aUK institutional requirements for European property
260 _c1993
350 _a0
490 _aEstates Gazette
_v(9327) 17 July 1993, 116-118(2)
520 _aEstablishes a decision-making framework for institutions property investment strategies; determining the allocation of funds to different categories of asset and the location of those assets. Points to ways in which research can guide investment policy and to the shortfalls in currently available information.
650 _aEUROPE
650 _aGLOBALISATION
650 _aINSTITUTIONAL INVESTMENT
650 _aINVESTMENT STRATEGY
650 _aPROPERTY STRATEGY
650 _aRETURNS
690 _aPROPERTY-COMMERCIAL PROPERTY-COMMERCIAL PROPERTY FINANCE AND INVESTMENT
942 _n0
948 _c04/03/1997
999 _c43440
_d43440